[Event "FIDE World Blitz-ch Women 2018"]
[Site "St. Petersburg"]
[Date "2018.12.29"]
[Round "5.4"]
[White "Protopopova, Anastasiya"]
[Black "Gunina, Valentina"]
[Result "0-1"]
[WhiteElo "2304"]
[BlackElo "2496"]
[Annotator "ChessBase"]
[PlyCount "126"]
[EventDate "2018.12.19"]
[EventType "swiss"]
[EventCountry "RUS"]
[SourceTitle "playchess.com"]
[Source "ChessBase"]
[SourceQuality "1"]

1. d4 Nf6 2. c4 e6 3. g3 d5 4. Nf3 Be7 5. Bg2 O-O 6. O-O Nbd7 7. Qc2 c6 8. Nbd2 b6 9. e4 dxc4 10. Nxc4 Bb7 11. Nfe5 c5 12. Nxd7 Qxd7 13. dxc5 Bxc5 14. Be3 Bxe3 15. Nxe3 Rac8 16. Qb1 Qd4 17. Rd1 Qe5 18. f3 h5 19. Rd2 Qc5 20. Qe1 Ba6 21. Qf2 Rfd8 22. Kh1 Qb4 23. Rad1 Rxd2 24. Qxd2 Qxd2 25. Rxd2 Rc1+ 26. Rd1 Rxd1+ 27. Nxd1 Nd7 28. Kg1 Nc5 29. Bf1 Bb7 30. Kf2 Kf8 31. Ke3 Ke7 32. Nc3 Bc6 33. b4 Nd7 34. a3 Ne5 35. h3 g6 36. f4 Nd7 37. Bb5 Nb8 38. Bxc6 Nxc6 39. Nb5 e5 40. fxe5 Ke6 41. Nc7+ Kxe5 42. Nd5 Nd4 43. Ne7 Nc2+ 44. Kd3 Nxa3 45. Nc6+ Kd6 46. Nd8 Ke7 47. Nc6+ Kd7 48. Ne5+ Ke6 49. Nc6 a6 50. Nb8 a5 51. bxa5 bxa5 52. Nc6 a4 53. Nd4+ Ke5 54. Nc6+ Kd6 55. Nd4 Kc5 56. Nf3 Nc4 57. Kc3 Nd6 58. Ne5 Nxe4+ 59. Kb2 Nd6 60. g4 Kd4 61. Nf3+ Ke3 62. Ne5 hxg4 63. hxg4 Kf4 0-1

[Event "FIDE World Blitz-ch Women 2018"]
[Site "St. Petersburg"]
[Date "2018.12.29"]
[Round "5.5"]
[White "Zhao, Xue"]
[Black "Drozdova, Dina"]
[Result "1-0"]
[WhiteElo "2485"]
[BlackElo "2178"]
[Annotator "ChessBase"]
[PlyCount "41"]
[EventDate "2018.12.19"]
[EventType "swiss"]
[EventCountry "RUS"]
[SourceTitle "playchess.com"]
[Source "ChessBase"]
[SourceQuality "1"]

1. Nf3 Nf6 2. c4 c5 3. e3 e6 4. Nc3 b6 5. b3 Bb7 6. Bb2 Be7 7. Be2 d6 8. O-O O-O 9. d4 cxd4 10. exd4 Nbd7 11. Re1 Re8 12. Bd3 Bf8 13. Rc1 e5 14. Bf5 g6 15. Bh3 Bg7 16. dxe5 dxe5 17. Nb5 e4 18. Nd6 exf3 19. Nxe8 fxg2 20. Nxg7 Kxg7 21. Qxd7 1-0

[Event "FIDE World Blitz-ch Women 2018"]
[Site "St. Petersburg"]
[Date "2018.12.29"]
[Round "5.6"]
[White "Harika, Dronavalli"]
[Black "Abdumalik, Zhansaya"]
[Result "1/2-1/2"]
[WhiteElo "2494"]
[BlackElo "2470"]
[Annotator "ChessBase"]
[PlyCount "264"]
[EventDate "2018.12.19"]
[EventType "swiss"]
[EventCountry "RUS"]
[SourceTitle "playchess.com"]
[Source "ChessBase"]
[SourceQuality "1"]

1. d3 d5 2. g3 g6 3. Bg2 Bg7 4. Nd2 e5 5. e4 Ne7 6. Ngf3 Nbc6 7. O-O O-O 8. Re1 h6 9. c3 Re8 10. Qc2 f5 11. exd5 Nxd5 12. Nc4 Kh7 13. h4 Nb6 14. Ne3 Be6 15. Nh2 a5 16. h5 gxh5 17. Qe2 Qf6 18. Qxh5 Rad8 19. Bh3 Rf8 20. Qe2 Ne7 21. Ng2 Ng6 22. Nf3 e4 23. Nfh4 Nxh4 24. Nxh4 Rxd3 25. Ng2 Bc4 26. Qc2 Rdd8 27. Be3 Qf7 28. b3 Bd3 29. Qc1 Nd5 30. Bd2 Qh5 31. Kh2 Be2 32. Nh4 f4 33. Rxe2 Qxe2 34. Qe1 fxg3+ 35. Kxg3 Be5+ 36. Kg2 Qxd2 37. Qxe4+ Kg7 38. Qxe5+ Nf6 39. Nf5+ Kh8 40. Rf1 Qd5+ 41. Qxd5 Rxd5 42. Ne7 Rg5+ 43. Kh2 Ne4 44. f4 Rg7 45. Nf5 Rg6 46. Ne3 Nxc3 47. Rc1 Ne2 48. Rxc7 Nxf4 49. Bf5 Rgf6 50. Rh7+ Kg8 51. Rxb7 Rxf5 52. Nxf5 Rxf5 53. a3 Ne6 54. Rb6 Kf7 55. b4 axb4 56. axb4 h5 57. b5 Nd4 58. Rb7+ Ke6 59. b6 Rb5 60. Rh7 Ne2 61. b7 Nf4 62. Kg3 Ng6 63. Rxh5 Rxb7 64. Ra5 Rb4 65. Kf3 Ne5+ 66. Ke2 Rb3 67. Ra4 Kf5 68. Rh4 Ng6 69. Rh7 Nf4+ 70. Kd2 Ke4 71. Re7+ Kd4 72. Re8 Rb2+ 73. Ke1 Nd5 74. Kf1 Nc3 75. Kg1 Ne4 76. Rg8 Ke3 77. Rg2 Rb1+ 78. Kh2 Kf3 79. Rg8 Rb2+ 80. Kg1 Nd6 81. Rf8+ Ke3 82. Kh1 Ne4 83. Kg1 Ng5 84. Re8+ Ne4 85. Rf8 Nd2 86. Kh2 Ne4+ 87. Kh3 Rb7 88. Kg4 Rg7+ 89. Kf5 Rg1 90. Ke6 Rg5 91. Ra8 Kf4 92. Rf8+ Ke3 93. Ra8 Rh5 94. Ra3+ Kf4 95. Ra1 Rh6+ 96. Kd5 Rd6+ 97. Kc4 Rd8 98. Ra5 Nd2+ 99. Kc3 Nf3 100. Ra7 Ke4 101. Ra4+ Ke3 102. Ra7 Rc8+ 103. Kb4 Ne5 104. Re7 Kd4 105. Kb3 Rb8+ 106. Kc2 Nc6 107. Rh7 Nb4+ 108. Kd2 Nd5 109. Rh4+ Ke5 110. Kd3 Rb3+ 111. Kc2 Rg3 112. Ra4 Kd6 113. Ra8 Kc5 114. Rh8 Nb4+ 115. Kd2 Nc6 116. Ke2 Ra3 117. Kf2 Kd5 118. Rh4 Ne5 119. Kg2 Ng6 120. Rb4 Ke5 121. Rb5+ Kf4 122. Rb4+ Kg5 123. Rb5+ Kg4 124. Rb8 Ra2+ 125. Kf1 Nf4 126. Ke1 Kf3 127. Kd1 Nd5 128. Kc1 Ke3 129. Rb3+ Kd4 130. Kb1 Rh2 131. Rg3 Nc3+ 132. Kc1 Ne2+ 1/2-1/2

[Event "FIDE World Blitz-ch Women 2018"]
[Site "St. Petersburg"]
[Date "2018.12.29"]
[Round "5.7"]
[White "Khotenashvili, Bela"]
[Black "Lei, Tingjie"]
[Result "0-1"]
[WhiteElo "2479"]
[BlackElo "2453"]
[Annotator "ChessBase"]
[PlyCount "98"]
[EventDate "2018.12.19"]
[EventType "swiss"]
[EventCountry "RUS"]
[SourceTitle "playchess.com"]
[Source "ChessBase"]
[SourceQuality "1"]

1. d4 d5 2. Bf4 Nf6 3. e3 c5 4. Nf3 Nc6 5. Nbd2 cxd4 6. exd4 Qb6 7. Nb3 Bf5 8. c3 e6 9. h3 Be7 10. Be2 a5 11. a4 h6 12. O-O O-O 13. Ne1 Rfc8 14. Nd3 Ne4 15. f3 Nd6 16. Kh1 Nc4 17. Ra2 Bd6 18. Bxd6 Nxd6 19. Re1 Qc7 20. Bf1 Bh7 21. Nbc1 Nf5 22. Ne2 Qd6 23. Qd2 b6 24. Qf4 Qxf4 25. Nexf4 Ng3+ 26. Kg1 Nxf1 27. Kxf1 g5 28. Re3 gxf4 29. Nxf4 Ne7 30. g4 Rc4 31. Kf2 Bc2 32. Nd3 Rxa4 33. Rxa4 Bxa4 34. h4 Bb5 35. Ne5 a4 36. h5 a3 37. bxa3 Rxa3 38. f4 Nc6 39. Nd7 Ra2+ 40. Kg3 Nxd4 41. cxd4 Bxd7 42. Rc3 Ra7 43. Rb3 b5 44. f5 exf5 45. gxf5 Kg7 46. Kf4 Kf6 47. Rc3 Bxf5 48. Rc5 Be6 49. Rxb5 Ra4 0-1

[Event "FIDE World Blitz-ch Women 2018"]
[Site "St. Petersburg"]
[Date "2018.12.29"]
[Round "5.8"]
[White "Michna, Marta"]
[Black "Arabidze, Meri"]
[Result "1/2-1/2"]
[WhiteElo "2333"]
[BlackElo "2387"]
[Annotator "NA"]
[PlyCount "80"]
[EventDate "2018.12.19"]
[EventType "swiss"]
[EventCountry "RUS"]
[SourceTitle "playchess.com"]
[Source "ChessBase"]
[SourceQuality "1"]

1. Nf3 d5 2. d3 Nf6 3. g3 e6 4. Bg2 Be7 5. O-O c5 6. Nbd2 O-O 7. e4 Nc6 8. c3 b5 9. Qc2 a5 10. exd5 exd5 11. a4 b4 12. Re1 bxc3 13. bxc3 Ba6 14. Nh4 Qd7 15. Ndf3 Rae8 16. Bd2 d4 17. cxd4 cxd4 18. Ne5 Nxe5 19. Rxe5 Rc8 20. Qb3 Rb8 21. Qd1 Bxd3 22. Bxa5 Bg6 23. Nxg6 hxg6 24. Qd3 Rb2 25. Rb5 Rxb5 26. Qxb5 Qxb5 27. axb5 Rb8 28. Bc6 Bc5 29. Bc7 Rc8 30. Ra8 Rxa8 31. Bxa8 Nd7 32. Bc6 Nb6 33. Bxb6 Bxb6 34. Be4 g5 35. Kf1 Kf8 36. Ke2 Ke7 37. Kd3 Kd6 38. f3 Bc5 39. Bc6 Bb6 40. Be8 Ke5 1/2-1/2

[Event "FIDE World Blitz-ch Women 2018"]
[Site "St. Petersburg"]
[Date "2018.12.29"]
[Round "5.9"]
[White "Vo, Thi Kim Phung"]
[Black "Goryachkina, Aleksandra"]
[Result "0-1"]
[WhiteElo "2352"]
[BlackElo "2518"]
[Annotator "ChessBase"]
[PlyCount "69"]
[EventDate "2018.12.19"]
[EventType "swiss"]
[EventCountry "RUS"]
[SourceTitle "playchess.com"]
[Source "ChessBase"]
[SourceQuality "1"]

1. d4 d5 2. c4 Nc6 3. Nf3 Bg4 4. e3 e5 5. dxe5 dxc4 6. Qa4 Bxf3 7. gxf3 Qd5 8. Bxc4 Qxf3 9. Rg1 O-O-O 10. Be2 Qd5 11. f4 Bb4+ 12. Kf2 Nge7 13. a3 Bc5 14. Nc3 Qd7 15. Bg4 Nf5 16. Qe4 g6 17. b4 Bb6 18. Ra2 Kb8 19. Rd1 Qe7 20. Rxd8+ Rxd8 21. Bxf5 gxf5 22. Qxf5 Qh4+ 23. Kf3 Qe1 24. Qc2 Rg8 25. Ke4 Ne7 26. Ne2 Qh1+ 27. Kd3 Rd8+ 28. Kc3 Qc6+ 29. Kb2 Qe6 30. Kb1 Nd5 31. Nc3 Nxe3 32. Bxe3 Bxe3 33. Qe2 Bxf4 34. Rc2 Bxe5 35. Na2 0-1

[Event "FIDE World Blitz-ch Women 2018"]
[Site "St. Petersburg"]
[Date "2018.12.29"]
[Round "5.10"]
[White "Ushenina, Anna"]
[Black "Shuvalova, Polina"]
[Result "1/2-1/2"]
[WhiteElo "2440"]
[BlackElo "2441"]
[Annotator "NA"]
[PlyCount "153"]
[EventDate "2018.12.19"]
[EventType "swiss"]
[EventCountry "RUS"]
[SourceTitle "playchess.com"]
[Source "ChessBase"]
[SourceQuality "1"]

1. d4 Nf6 2. Nf3 e6 3. Bf4 d5 4. e3 Bd6 5. Bg3 O-O 6. c4 c5 7. dxc5 Bxg3 8. hxg3 Qa5+ 9. Nc3 dxc4 10. Bxc4 Qxc5 11. Bd3 Nc6 12. Rc1 Qb4 13. Qc2 h6 14. a3 Qa5 15. O-O Bd7 16. Rfd1 Rfd8 17. Qb3 Rac8 18. Ne4 Nxe4 19. Bxe4 Qb6 20. Qxb6 axb6 21. b4 Be8 22. Rxd8 Rxd8 23. Kf1 Ra8 24. Rc3 Kf8 25. Nd2 Nd8 26. f4 Bc6 27. Kf2 Ke7 28. g4 Bxe4 29. Nxe4 Nc6 30. Nd2 Rd8 31. Ke2 Rd5 32. Nc4 b5 33. Nd2 g5 34. g3 Rd8 35. Ne4 Rg8 36. Kf3 f6 37. Rc5 Ra8 38. Rxb5 Nd8 39. Nc5 Rxa3 40. Nxb7 Nc6 41. Rb6 Nd4+ 42. Kf2 Ra2+ 43. Kf1 Ra1+ 44. Kf2 Ra2+ 45. Ke1 Nc2+ 46. Kd1 Nxe3+ 47. Kc1 Nd5 48. Rb5 Ra4 49. f5 Rxb4 50. Rxb4 Nxb4 51. fxe6 Kxe6 52. Nc5+ Kd6 53. Nb7+ Ke5 54. Kd2 Nd5 55. Ke2 Nc3+ 56. Kf3 Ne4 57. Na5 Nd2+ 58. Ke3 Nf1+ 59. Kf2 Nh2 60. Nc6+ Kd6 61. Nd4 Nxg4+ 62. Kf3 h5 63. Nf5+ Kd5 64. Ng7 Ne5+ 65. Ke3 h4 66. gxh4 gxh4 67. Kf4 Ng6+ 68. Kg4 Ke4 69. Ne8 f5+ 70. Kh3 Kf3 71. Nd6 f4 72. Nf5 Kf2 73. Kg4 f3 74. Nd4 h3 75. Kxh3 Nf4+ 76. Kg4 Ne2 77. Nxf3 1/2-1/2

[Event "FIDE World Blitz-ch Women 2018"]
[Site "St. Petersburg"]
[Date "2018.12.29"]
[Round "5.11"]
[White "Buksa, Nataliya"]
[Black "Haussernot, Cecile"]
[Result "0-1"]
[WhiteElo "2410"]
[BlackElo "2196"]
[Annotator "NA"]
[PlyCount "74"]
[EventDate "2018.12.19"]
[EventType "swiss"]
[EventCountry "RUS"]
[SourceTitle "playchess.com"]
[Source "ChessBase"]
[SourceQuality "1"]

1. d4 Nf6 2. Nc3 d5 3. Bf4 e6 4. e3 Bd6 5. Nf3 O-O 6. Bd3 c5 7. dxc5 Bxc5 8. O-O Nc6 9. e4 d4 10. Nb5 Be7 11. Nc7 e5 12. Nxa8 exf4 13. e5 Nd5 14. Qe2 Be6 15. Qe4 g6 16. Nxd4 Nxd4 17. Qxd4 Qxa8 18. a3 Rd8 19. Qa4 Qb8 20. Rfe1 a6 21. Rad1 Rc8 22. Qe4 Rc5 23. c4 Nb6 24. b4 Rc8 25. c5 Nd5 26. Bc4 Nc3 27. Qxf4 Bxc4 28. Rd7 Ne2+ 29. Rxe2 Bxe2 30. Rxe7 Rf8 31. Qe4 Qd8 32. Qxe2 Qxe7 33. f4 Qd7 34. h4 Qd4+ 35. Kh1 Qxf4 36. h5 Re8 37. hxg6 hxg6 0-1

[Event "FIDE World Blitz-ch Women 2018"]
[Site "St. Petersburg"]
[Date "2018.12.29"]
[Round "5.12"]
[White "Mammadova, Gulnar"]
[Black "Muzychuk, Mariya"]
[Result "1/2-1/2"]
[WhiteElo "2368"]
[BlackElo "2540"]
[Annotator "ChessBase"]
[PlyCount "62"]
[EventDate "2018.12.19"]
[EventType "swiss"]
[EventCountry "RUS"]
[SourceTitle "playchess.com"]
[Source "ChessBase"]
[SourceQuality "1"]

1. e4 c5 2. Nf3 e6 3. b3 Nc6 4. Bb2 Nf6 5. e5 Nd5 6. c4 Nc7 7. Be2 d5 8. exd6 Qxd6 9. d4 cxd4 10. Nxd4 Nxd4 11. Qxd4 Qxd4 12. Bxd4 Bb4+ 13. Bc3 Bxc3+ 14. Nxc3 Bd7 15. Bf3 O-O-O 16. O-O-O Na6 17. Ne4 Bc6 18. Nd6+ Kc7 19. Nxf7 Rxd1+ 20. Rxd1 Bxf3 21. gxf3 Rf8 22. Ne5 Rf5 23. f4 Rxf4 24. Rd7+ Kc8 25. Rxg7 Rxf2 26. Rxh7 Nb4 27. a3 Na2+ 28. Kd1 Nc3+ 29. Kc1 Na2+ 30. Kd1 Nc3+ 31. Kc1 Na2+ 1/2-1/2

[Event "FIDE World Blitz-ch Women 2018"]
[Site "St. Petersburg"]
[Date "2018.12.29"]
[Round "5.13"]
[White "Gevorgyan, Maria"]
[Black "Danielian, Elina"]
[Result "1-0"]
[WhiteElo "2228"]
[BlackElo "2427"]
[Annotator "NA"]
[PlyCount "99"]
[EventDate "2018.12.19"]
[EventType "swiss"]
[EventCountry "RUS"]
[SourceTitle "playchess.com"]
[Source "ChessBase"]
[SourceQuality "1"]

1. e4 c6 2. f4 d5 3. e5 h5 4. Nf3 g6 5. c3 Nh6 6. Na3 Bg4 7. Nc2 e6 8. d3 c5 9. Ne3 Bxf3 10. Qxf3 Nc6 11. g3 d4 12. Nc2 Nf5 13. h3 Be7 14. Rg1 Qd7 15. Bd2 dxc3 16. bxc3 Rd8 17. g4 hxg4 18. hxg4 Bh4+ 19. Kd1 Nfe7 20. Ne3 g5 21. Nc4 gxf4 22. Qxf4 Ng6 23. Qe3 b6 24. Kc2 Nce7 25. Bg2 Qa4+ 26. Kc1 Nd5 27. Bxd5 Rxd5 28. Rf1 Be7 29. a3 b5 30. Nb2 Qxg4 31. Qf2 Nxe5 32. a4 b4 33. cxb4 cxb4 34. Qxa7 f5 35. Qb8+ Bd8 36. Re1 Qg3 37. Qxb4 Kf7 38. Kc2 Be7 39. Qb7 Rhd8 40. Rg1 Qh2 41. Rad1 R8d7 42. Qb3 Rc7+ 43. Kb1 Rdc5 44. Bb4 Rd5 45. Bxe7 Kxe7 46. d4 Nd7 47. Rg7+ Kf6 48. Rdg1 f4 49. R1g6+ Kf5 50. Qd3# 1-0

[Event "FIDE World Blitz-ch Women 2018"]
[Site "St. Petersburg"]
[Date "2018.12.29"]
[Round "5.14"]
[White "Berend, Elvira"]
[Black "Vega Gutierrez, Sabrina"]
[Result "0-1"]
[WhiteElo "2332"]
[BlackElo "2390"]
[Annotator "NA"]
[PlyCount "110"]
[EventDate "2018.12.19"]
[EventType "swiss"]
[EventCountry "RUS"]
[SourceTitle "playchess.com"]
[Source "ChessBase"]
[SourceQuality "1"]

1. d4 d5 2. Nf3 c6 3. g3 Nf6 4. Bg2 Bg4 5. Ne5 Bf5 6. b3 Nfd7 7. Bb2 f6 8. Nf3 e6 9. O-O Bd6 10. c4 Qe7 11. Nc3 O-O 12. Nd2 Bg4 13. Qc2 f5 14. f3 Bh5 15. e4 Na6 16. a3 Rac8 17. Qd3 c5 18. e5 Bb8 19. cxd5 cxd4 20. d6 Qd8 21. Qxd4 Qb6 22. Qxb6 axb6 23. f4 Nac5 24. Nb5 Nd3 25. Bd4 N7c5 26. b4 Be8 27. Nc3 Na4 28. Nxa4 Bxa4 29. Bxb6 Rc2 30. Nf3 Bc6 31. b5 Be4 32. d7 Bc7 33. Bxc7 Rxc7 34. Ng5 Bxg2 35. Kxg2 Nc5 36. Rfd1 Rd8 37. Rac1 b6 38. Rxc5 bxc5 39. Nxe6 Rcxd7 40. Rxd7 Rxd7 41. Nxc5 Rd5 42. Ne6 Rxb5 43. Nd4 Rb2+ 44. Kf3 g6 45. h3 Kf7 46. g4 fxg4+ 47. hxg4 Ra2 48. Nb5 Rb2 49. a4 Rb4 50. Nc3 Rb3 51. f5 Rxc3+ 52. Kf4 gxf5 53. gxf5 Rc4+ 54. Kg5 Rxa4 55. e6+ Ke7 0-1

[Event "FIDE World Blitz-ch Women 2018"]
[Site "St. Petersburg"]
[Date "2018.12.29"]
[Round "5.15"]
[White "Borisova, Ekaterina"]
[Black "Guichard, Pauline"]
[Result "0-1"]
[WhiteElo "2244"]
[BlackElo "2378"]
[Annotator "NA"]
[PlyCount "70"]
[EventDate "2018.12.19"]
[EventType "swiss"]
[EventCountry "RUS"]
[SourceTitle "playchess.com"]
[Source "ChessBase"]
[SourceQuality "1"]

1. d4 Nf6 2. c4 g6 3. g3 Bg7 4. Bg2 O-O 5. Nc3 d6 6. Nf3 Nc6 7. O-O e5 8. d5 Nb8 9. e4 a5 10. h3 Na6 11. Be3 Nd7 12. a3 Rb8 13. Rb1 f5 14. Bg5 Qe8 15. exf5 gxf5 16. Qd2 e4 17. Nd4 Ne5 18. b3 Nc5 19. Ncb5 Rf7 20. Qxa5 b6 21. Qd2 Rb7 22. Rbc1 Bd7 23. b4 Ncd3 24. Rc2 Qa8 25. Ra1 Qf8 26. Rf1 h6 27. Bf4 Ng6 28. Be3 f4 29. Bxf4 Ngxf4 30. gxf4 Nxf4 31. Qe3 Be5 32. Rfc1 Rg7 33. f3 Nxh3+ 34. Kf1 Ng5 35. f4 Bxf4 0-1

[Event "FIDE World Blitz-ch Women 2018"]
[Site "St. Petersburg"]
[Date "2018.12.29"]
[Round "5.16"]
[White "Khademalsharieh, Sarasadat"]
[Black "Garifullina, Leya"]
[Result "1-0"]
[WhiteElo "2470"]
[BlackElo "2132"]
[Annotator "ChessBase"]
[PlyCount "85"]
[EventDate "2018.12.19"]
[EventType "swiss"]
[EventCountry "RUS"]
[SourceTitle "playchess.com"]
[Source "ChessBase"]
[SourceQuality "1"]

1. d4 Nf6 2. c4 e6 3. Nf3 d5 4. Nc3 Bb4 5. Qa4+ Nc6 6. Bg5 h6 7. Bxf6 Qxf6 8. cxd5 exd5 9. e3 O-O 10. Rc1 Be6 11. Bd3 a6 12. O-O Bxc3 13. Rxc3 Bg4 14. Ne5 Nxe5 15. dxe5 Qg5 16. h4 Qh5 17. Rxc7 Qxe5 18. Rxb7 Be6 19. Rb6 a5 20. Qd4 Qc7 21. Rb3 a4 22. Rc3 Qb7 23. Rc5 Rfb8 24. Rb5 Qc6 25. Rc5 Qb6 26. Rfc1 Qb7 27. Rc7 Qb6 28. Rc8+ Bxc8 29. Rxc8+ Rxc8 30. Qxb6 Rc1+ 31. Kh2 Rd1 32. Qd4 Kh8 33. Qxd5 Rf8 34. Qf5 g6 35. Qf6+ Kh7 36. Bxg6+ fxg6 37. Qxf8 Rd2 38. Qf7+ Kh8 39. e4 Re2 40. e5 Re4 41. Qe8+ Kg7 42. Qd7+ Kf8 43. Qc8+ 1-0

[Event "FIDE World Blitz-ch Women 2018"]
[Site "St. Petersburg"]
[Date "2018.12.29"]
[Round "5.17"]
[White "Muzychuk, Anna"]
[Black "Arutyunova, Diana"]
[Result "1-0"]
[WhiteElo "2569"]
[BlackElo "2227"]
[Annotator "ChessBase"]
[PlyCount "84"]
[EventDate "2018.12.19"]
[EventType "swiss"]
[EventCountry "RUS"]
[SourceTitle "playchess.com"]
[Source "ChessBase"]
[SourceQuality "1"]

1. e4 d6 2. Nc3 Nf6 3. f4 c6 4. Nf3 Qa5 5. d4 Nxe4 6. Bd2 Nxd2 7. Qxd2 Bg4 8. Be2 e6 9. O-O Nd7 10. a3 Qc7 11. Rae1 Be7 12. h3 Bxf3 13. Bxf3 O-O 14. f5 e5 15. Kh1 Bh4 16. Re4 Bf6 17. d5 Nc5 18. Re2 e4 19. Nxe4 Nxe4 20. Bxe4 c5 21. c3 Qd8 22. Bd3 Be5 23. Rxe5 dxe5 24. f6 h6 25. Qe3 Qxd5 26. Qg3 g5 27. Rf5 Rfd8 28. Rxg5+ hxg5 29. Qxg5+ Kf8 30. Qg7+ Ke8 31. Bb5+ Qc6 32. Bxc6+ bxc6 33. Qg8+ Kd7 34. Qxf7+ Kd6 35. Qe7+ Kd5 36. g4 Re8 37. Qd7+ Ke4 38. Kg2 Rad8 39. Qf5+ Kd5 40. f7 Rf8 41. g5 Kd6 42. g6 Kd5 1-0

[Event "FIDE World Blitz-ch Women 2018"]
[Site "St. Petersburg"]
[Date "2018.12.29"]
[Round "5.18"]
[White "Stefanova, Antoaneta"]
[Black "Gaponenko, Inna"]
[Result "0-1"]
[WhiteElo "2486"]
[BlackElo "2420"]
[Annotator "ChessBase"]
[PlyCount "164"]
[EventDate "2018.12.19"]
[EventType "swiss"]
[EventCountry "RUS"]
[SourceTitle "playchess.com"]
[Source "ChessBase"]
[SourceQuality "1"]

1. d4 d6 2. Nf3 g6 3. g3 Bg7 4. Bg2 Nf6 5. O-O O-O 6. b3 e5 7. dxe5 dxe5 8. Ba3 Re8 9. Qxd8 Rxd8 10. Nc3 Nc6 11. Rfd1 Bf5 12. Ne1 e4 13. Rxd8+ Rxd8 14. Rd1 Rxd1 15. Nxd1 Nd5 16. c4 Ndb4 17. Ne3 Nxa2 18. g4 Bd7 19. Bxe4 Nc3 20. Bf3 Nd4 21. Bxb7 Ncxe2+ 22. Kf1 Nf4 23. b4 c6 24. c5 h5 25. gxh5 gxh5 26. f3 Bh3+ 27. Kf2 Bf6 28. N1g2 Nd3+ 29. Kg3 Bd7 30. f4 Nb5 31. Nc2 Bc3 32. Ba6 Nxa3 33. Nxa3 Nxb4 34. Bc4 a5 35. Ne3 Bb2 36. Nb1 a4 37. Nd2 Bc1 38. Nef1 a3 39. Nb3 a2 40. Kf3 Bb2 41. Ne3 a1=Q 42. Nxa1 Bxa1 43. Ke4 Kg7 44. Ng2 Bc3 45. Nh4 Kf6 46. Nf3 Bf5+ 47. Ke3 Nc2+ 48. Kf2 Bb4 49. Nh4 Bxc5+ 50. Ke2 Nd4+ 51. Kd2 Bg4 52. Kd3 Nf3 53. Ng2 Nxh2 54. Ke4 Nf3 55. Ba6 h4 56. Ne3 Bxe3 57. Kxe3 h3 58. Kf2 Nh4 59. Kg3 Ng6 60. Bb7 Bd7 61. Ba6 Ke7 62. Bf1 c5 63. Bd3 Kd6 64. f5 Ne5 65. Bc2 Nc4 66. Kxh3 Ne3 67. Bb3 Bxf5+ 68. Kg3 Be6 69. Ba4 c4 70. Kf3 Nd5 71. Ke4 Kc5 72. Ke5 Nb6 73. Bd1 Nd7+ 74. Ke4 Kb4 75. Kd4 Nc5 76. Bc2 Na6 77. Bd1 Nc7 78. Bc2 Nb5+ 79. Ke5 c3 80. Kf6 Na3 81. Be4 c2 82. Bxc2 Nxc2 0-1

[Event "FIDE World Blitz-ch Women 2018"]
[Site "St. Petersburg"]
[Date "2018.12.29"]
[Round "5.19"]
[White "Ambartsumova, Karina"]
[Black "Mamedjarova, Zeinab"]
[Result "1-0"]
[WhiteElo "2383"]
[BlackElo "2338"]
[Annotator "NA"]
[PlyCount "115"]
[EventDate "2018.12.19"]
[EventType "swiss"]
[EventCountry "RUS"]
[SourceTitle "playchess.com"]
[Source "ChessBase"]
[SourceQuality "1"]

1. c4 e6 2. Nc3 d5 3. d4 Nf6 4. Nf3 Be7 5. Bg5 O-O 6. Qc2 dxc4 7. e4 c5 8. dxc5 Qa5 9. Bxc4 Qxc5 10. Bd3 Nc6 11. Be3 Nb4 12. Bxc5 Nxc2+ 13. Bxc2 Bxc5 14. O-O b6 15. e5 Nd7 16. Be4 Rb8 17. Rfd1 f6 18. exf6 Nxf6 19. Bc6 Ng4 20. Ne4 Be7 21. Rac1 Ba6 22. Bd7 Nf6 23. Bxe6+ Kh8 24. Neg5 h6 25. Nf7+ Kh7 26. N3e5 Bc8 27. Bb3 Bf5 28. Nd6 Bxd6 29. Rxd6 Rfe8 30. Nf3 Re2 31. Nd4 Rxf2 32. Nxf5 Rxf5 33. Bc2 Kg6 34. Rf1 Re8 35. Bxf5+ Kg5 36. Bd3 Re5 37. g3 a5 38. Rd4 h5 39. Rdf4 Re3 40. R4f3 Re7 41. Rf5+ Kh6 42. Rb5 Rd7 43. Bf5 Rd2 44. Rf2 Rd1+ 45. Kg2 Nd5 46. Re2 g6 47. Be4 Nf6 48. Rxb6 Kg5 49. Bc2 Rc1 50. Re5+ Kh6 51. Rxf6 Rxc2+ 52. Rf2 Rc1 53. Rxa5 Rb1 54. a4 Ra1 55. h4 Ra2 56. Ra8 g5 57. Ra6+ Kg7 58. Rc2 1-0

[Event "FIDE World Blitz-ch Women 2018"]
[Site "St. Petersburg"]
[Date "2018.12.29"]
[Round "5.20"]
[White "Tsatsalashvili, Keti"]
[Black "Cramling, Pia"]
[Result "0-1"]
[WhiteElo "2303"]
[BlackElo "2465"]
[Annotator "ChessBase"]
[PlyCount "104"]
[EventDate "2018.12.19"]
[EventType "swiss"]
[EventCountry "RUS"]
[SourceTitle "playchess.com"]
[Source "ChessBase"]
[SourceQuality "1"]

1. d4 Nf6 2. c4 e6 3. Nf3 d5 4. g3 dxc4 5. Bg2 c5 6. Qa4+ Bd7 7. Qxc4 Nc6 8. dxc5 Qa5+ 9. Nc3 Qxc5 10. Qxc5 Bxc5 11. O-O O-O 12. b3 Rac8 13. Bb2 Rfd8 14. e3 a6 15. Na4 Ba7 16. Rac1 Nb4 17. Bd4 Bxd4 18. Nxd4 Bxa4 19. bxa4 Nfd5 20. a3 Nd3 21. Rxc8 Rxc8 22. Rb1 Rc7 23. a5 g5 24. h3 Ne5 25. Bf1 Kf8 26. Kg2 Ke7 27. Nf3 Nxe3+ 28. fxe3 Rc2+ 29. Kh1 Nxf3 30. Bg2 Ne5 31. Bxb7 Rc5 32. Bxa6 Rxa5 33. Bf1 Rxa3 34. Re1 h5 35. Bg2 Nc4 36. e4 Ne5 37. Rc1 Rxg3 38. Kh2 h4 39. Rc7+ Kf6 40. Rc8 Re3 41. Rc1 Re2 42. Rf1+ Ke7 43. Ra1 Ng6 44. Kh1 Nf4 45. Bf3 Re3 46. Bg4 Rxe4 47. Rb1 Re3 48. Kh2 f5 49. Bd1 Rxh3+ 50. Kg1 Re3 51. Ba4 Kf6 52. Rc1 Ne2+ 0-1

[Event "FIDE World Blitz-ch Women 2018"]
[Site "St. Petersburg"]
[Date "2018.12.29"]
[Round "5.21"]
[White "Mamedjarova, Turkan"]
[Black "Girya, Olga"]
[Result "1/2-1/2"]
[WhiteElo "2295"]
[BlackElo "2454"]
[Annotator "ChessBase"]
[PlyCount "196"]
[EventDate "2018.12.19"]
[EventType "swiss"]
[EventCountry "RUS"]
[SourceTitle "playchess.com"]
[Source "ChessBase"]
[SourceQuality "1"]

1. d4 d5 2. Nf3 Nf6 3. Bg5 Ne4 4. Bf4 c5 5. c3 Nc6 6. e3 cxd4 7. exd4 Bf5 8. Bd3 e6 9. O-O Bd6 10. Bxd6 Qxd6 11. Qe2 O-O 12. Nbd2 Nxd2 13. Qxd2 Bxd3 14. Qxd3 h6 15. Rfe1 Rab8 16. Re2 Rfe8 17. Rae1 Rbc8 18. h3 a6 19. Ne5 Nxe5 20. Rxe5 b5 21. a3 Qd7 22. Qe2 a5 23. f4 b4 24. axb4 axb4 25. Qf3 bxc3 26. bxc3 Qc6 27. R5e3 f5 28. Qh5 Qd7 29. Qg6 Qf7 30. Qg3 Rc6 31. Kh2 Rec8 32. Qf3 Kh7 33. Qe2 Rxc3 34. Rxe6 R8c6 35. Re7 Qg6 36. Qf2 Rc2 37. R1e2 Rxe2 38. Qxe2 Rc4 39. Re6 Qf7 40. Qe5 Rc2 41. Qxd5 Re2 42. Re5 Qxd5 43. Rxd5 Rd2 44. Rd6 g5 45. Kg3 Rd3+ 46. Kf2 gxf4 47. d5 Kg7 48. h4 h5 49. Ke2 Re3+ 50. Kf2 Rd3 51. Rd8 Kf6 52. d6 Ke6 53. Re8+ Kd7 54. Re5 Kxd6 55. Rxf5 Ke6 56. Rxf4 Ke5 57. Rf8 Ke6 58. Ke2 Ra3 59. Kf2 Ke7 60. Rf5 Ra2+ 61. Kg3 Ra3+ 62. Kh2 Ke6 63. Rxh5 Kf6 64. Rb5 Kg6 65. g3 Ra2+ 66. Kh3 Ra1 67. Rb6+ Kf5 68. Rb5+ Kg6 69. h5+ Kh6 70. Kh4 Rh1+ 71. Kg4 Ra1 72. Rb6+ Kh7 73. Kh4 Ra5 74. g4 Rc5 75. h6 Ra5 76. g5 Rc5 77. Kh5 Ra5 78. Rb7+ Kh8 79. Rf7 Rc5 80. Kg6 Rc8 81. Rd7 Rg8+ 82. Kh5 Ra8 83. Rf7 Rc8 84. h7 Rc1 85. Ra7 Rc8 86. Rf7 Rc1 87. Kg6 Rc6+ 88. Kf5 Rc5+ 89. Kf6 Rf5+ 90. Kg6 Rxg5+ 91. Kh6 Rh5+ 92. Kg6 Rg5+ 93. Kf6 Rg1 94. Ra7 Rf1+ 95. Kg6 Rg1+ 96. Kh5 Rh1+ 97. Kg5 Rxh7 98. Rxh7+ Kxh7 1/2-1/2